La papesse Jeanne

Saved in:
Bibliographic Details
Main Author: Ροΐδης, Εμμανουήλ Δ., 1836-1904
Format: Book
Language:French
Published: [Paris] : Institut Francais d'Athenes, Actes Sud, 1992
Series:Institut francais d'Athenes (Greece)
Subjects:
Tags: Add Tag
No Tags, Be the first to tag this record!

MARC

LEADER 00000nam a2200000 i 4500
001 1/21725
008 970708s1992 fre d
020 |a 2-86869-933-2 
035 |a 1995  |b 1  |c Χριστοδουλίδου  |l 10036378 
040 |a GR-MY-UA  |b gre  |e aacr 
041 0 |a fre 
082 0 |a 889.32 
100 1 |a Ροΐδης, Εμμανουήλ Δ.,   |d 1836-1904. 
245 1 3 |a La papesse Jeanne /  |c Emmanuel Roidis ; traduit du grec par Alfred Jarry 
260 |a [Paris] :   |b Institut Francais d'Athenes,   |b Actes Sud,   |c 1992 
300 |a 196 p. 
490 1 |a Institut francais d'Athenes (Greece) 
650 0 0 |a Greek fiction, Modern  |y 19th century. 
650 0 0 |a Greek literature. 
830 0 |a Institut francais d'Athenes (Greece) 
852 |a INST  |b RHODES  |e 19970708  |h 889.32 ΡΟΙ  |p 005400007174  |q 005400007174  |t BK  |y 0 
909 |a Ρ  |b 040451  |c 1995